|
|
|
|
| LEADER |
00000nam a2200000 a 4500 |
| 001 |
vtls001282419 |
| 003 |
SK-MaSNL |
| 005 |
20260301155304.0 |
| 008 |
180810s1770 xo 0 lat |
| 015 |
|
|
|a SNBHFA
|
| 035 |
|
|
|a SNK000233862
|
| 040 |
|
|
|a SNK
|b slo
|c SNK
|e AACR2
|
| 041 |
0 |
|
|a lat
|
| 044 |
|
|
|a xo
|c SK
|
| 072 |
|
7 |
|a 2
|x Náboženstvo
|2 konspekt
|
| 080 |
|
|
|a 21/29-1/-9
|2 2011
|
| 100 |
1 |
|
|a Csákányi, Imre,
|d 1651-1703
|4 aut
|9 351673
|
| 245 |
1 |
0 |
|a Praxis Fructuose Meditandi
|b Religiosis potissimum Tyronibus accomodata, Ex diversis collecta Ascetis: Cui Accedunt Principia Salutis Et Poenitentiae In Breves considerationes digesta, Aut in longiores juxta praxim traditam digerenda, In Solatium Sprituale tam Regularium, quam Saecularium noviter recusa
|c Industria Provinciae SS. Salvatoris in Hungaria fratrum Minorum S.P. Francisci
|
| 260 |
|
|
|a Szakolczae
|b Literis Jos. Ant. Skarniczl
|c A. 1770
|
| 300 |
|
|
|a [12], 172 s.
|c 14 cm
|
| 500 |
|
|
|a Drevorez. Vineta. Ozdobné iniciály. Ozdobná linka. Typografické ozdoby. Zložky. Kustody
|
| 504 |
|
|
|a Úvod
|
| 508 |
|
|
|a Autor podľa Szinnyeiho
|
| 610 |
2 |
7 |
|a Rímskokatolícka cirkev
|2 SNKKA
|9 32394
|
| 650 |
0 |
7 |
|a náboženské rozjímania
|2 SNKPH
|9 281866
|
| 700 |
1 |
|
|a Škarnicel, Josef Antonín,
|d 1729-1813
|4 prt
|9 174327
|
| 752 |
|
|
|a Slovensko
|d Skalica
|
| 852 |
|
|
|a snk
|p SE 7256
|
| 958 |
|
|
|a ONDV
|
| 958 |
|
|
|a DD
|
| 999 |
|
|
|c 800331
|d 802261
|
| 952 |
|
|
|a SNK
|b SNK
|y PREZ
|7 0
|p 17A0888728
|o snkSE 7256
|i snkF 59/63
|8 5
|0 0
|1 0
|4 0
|d 2012-05-21
|l 0
|r 2026-02-24 02:05:38
|w 2026-02-24
|